[Event "4th London Classic Open"]
[Site "London ENG"]
[Date "2012.12.07"]
[Round "7"]
[White "Lenier,J"]
[Black "Koch,Ala2"]
[Result "1-0"]
[WhiteElo "2069"]
[BlackElo "1960"]
[WhiteFideId "470678"]
[BlackFideId "639532"]
[EventDate "2012.12.01"]

1. e4 e5 2. Nf3 Nc6 3. Bb5 d6 4. c3 Bd7 5. d4 exd4 6. cxd4 Qe7 7. Nc3 a6 8. Ba4
O-O-O 9. O-O f6 10. Re1 Qe8 11. Bxc6 Bxc6 12. h3 h5 13. d5 Bd7 14. Qd4 b6 15. a4
Kb7 16. Be3 Ra8 17. Ra3 Ne7 18. Rb3 Nc8 19. Rc1 Qd8 20. a5 b5 21. Qc4 Na7 22.
Nd4 Kc8 23. Qb4 Qe7 24. Nce2 c5 25. dxc6 Be6 26. Nxe6 Qxe6 27. Nf4 Qf7 28. Nd5
Be7 29. Bxa7 Rxa7 30. Qd4 Bd8 31. c7 Rxc7 32. Rxc7+ Bxc7 33. Rc3 1-0

[Event "4th London Classic Open"]
[Site "London ENG"]
[Date "2012.12.07"]
[Round "7"]
[White "Fields,F"]
[Black "Siddharth,Gopakumar"]
[Result "1-0"]
[WhiteElo "1933"]
[BlackElo "2054"]
[WhiteFideId "409367"]
[BlackFideId "5053463"]
[EventDate "2012.12.01"]

1. e4 e5 2. Nf3 Nf6 3. Nxe5 d6 4. Nf3 Nxe4 5. Nc3 Nxc3 6. dxc3 Be7 7. Be3 Nc6 8.
Qd2 Be6 9. Nd4 Nxd4 10. cxd4 Bf6 11. d5 Bf5 12. c4 O-O 13. Be2 c5 14. dxc6 bxc6
15. O-O Rb8 16. Bd4 c5 17. Bxf6 Qxf6 18. b3 Rfe8 19. Rfd1 d5 20. cxd5 Be4 21.
Bf1 Rbd8 22. d6 Re5 23. Rac1 Rg5 24. Qe3 Qf5 25. Re1 Bc6 26. Qe7 Rf8 27. Rc3 Rg6
28. Rg3 Re6 29. Rxe6 Qxe6 30. Qxe6 fxe6 31. Bc4 Kf7 32. Rd3 Rd8 33. Kf1 Kf6 34.
g3 a5 35. Ke2 a4 36. Kd2 Be4 37. Rc3 Rxd6+ 38. Ke3 Bc6 39. Bd3 axb3 40. axb3 h6
41. Rxc5 Bd5 42. Bc4 Rb6 43. Kd4 Bxc4 44. Kxc4 Ra6 45. b4 Ra2 46. b5 Ke7 47. Kb3
Rxf2 48. b6 Rf8 49. Kc4 Kd6 50. Kd4 Rb8 51. Rb5 Rb7 52. Ke4 g6 53. Rb2 h5 54.
Kf4 e5+ 55. Ke4 g5 56. Kf5 h4 57. Kxg5 hxg3 58. hxg3 Ke6 59. Rb3 e4 60. Kf4 Kd5
61. g4 Kd4 62. g5 e3 63. Kf3 Kc4 64. Rxe3 Rxb6 65. Kg4 Kd4 66. Re1 Rb2 67. Kh5
Rh2+ 68. Kg6 Kd5 69. Kf7 Rf2+ 70. Kg7 Kd6 71. g6 Kd7 72. Kh7 Rh2+ 73. Kg8 Rg2
74. g7 Ra2 75. Re5 Kd6 76. Rg5 1-0

[Event "4th London Classic Open"]
[Site "London ENG"]
[Date "2012.12.07"]
[Round "7"]
[White "Compton,A"]
[Black "Dale,Finley"]
[Result "1-0"]
[WhiteElo "2090"]
[BlackElo "1691"]
[WhiteFideId "4300645"]
[BlackFideId "3213153"]
[EventDate "2012.12.01"]

1. e4 c5 2. c3 g6 3. d4 cxd4 4. cxd4 Bg7 5. Nc3 d6 6. Nf3 Nc6 7. Bc4 Bg4 8.
Bxf7+ Kf8 9. Bd5 Nf6 10. Be3 Qd7 11. h3 Bxf3 12. Qxf3 Ke8 13. Bb3 Rf8 14. Qe2
Rc8 15. d5 Kd8 16. dxc6 bxc6 17. O-O Nh5 18. Rad1 Bxc3 19. bxc3 Nf4 20. Bxf4 1-0

[Event "4th London Classic Open"]
[Site "London ENG"]
[Date "2012.12.07"]
[Round "7"]
[White "Takahashi,R"]
[Black "Jones,Chris S"]
[Result "1/2-1/2"]
[WhiteElo "2079"]
[BlackElo "1834"]
[WhiteFideId "7000880"]
[BlackFideId "414905"]
[EventDate "2012.12.01"]

1. Nf3 Nf6 2. g3 g6 3. Bg2 Bg7 4. d4 d6 5. O-O O-O 6. c4 Nbd7 7. Nc3 Re8 8. b3
Rb8 9. Nb5 a6 10. Na7 Ne4 11. Bb2 Ndf6 12. Nxc8 Qxc8 13. Nd2 Nxd2 14. Qxd2 c6
15. e4 e5 16. dxe5 dxe5 17. Rad1 Qc7 18. Bc3 Rbd8 19. Qb2 Nd7 20. Qc2 Nf8 21.
Bh3 Ne6 22. Bxe6 Rxe6 23. Rxd8+ Qxd8 24. Rd1 Rd6 25. Rxd6 Qxd6 26. Qd2 Qxd2 27.
Bxd2 f5 28. Kf1 Kf7 29. Ke2 Ke6 30. Kd3 Bf8 31. Be3 Be7 32. f3 Bf8 33. h3 h5 34.
Kc3 Be7 35. Kd3 Bf8 36. g4 hxg4 37. hxg4 fxg4 38. fxg4 Be7 39. Kc3 Bf8 40. b4
Be7 41. Kb3 b5 42. a4 1/2-1/2

[Event "4th London Classic Open"]
[Site "London ENG"]
[Date "2012.12.07"]
[Round "7"]
[White "Skutta,B"]
[Black "Kane,Robert"]
[Result "1-0"]
[WhiteElo "2067"]
[BlackElo "1827"]
[WhiteFideId "4666950"]
[BlackFideId "420468"]
[EventDate "2012.12.01"]

1. d4 Nf6 2. Nf3 e6 3. c4 Bb4+ 4. Nbd2 O-O 5. a3 Bxd2+ 6. Bxd2 d6 7. g3 Re8 8.
Bg2 Nc6 9. O-O Ne4 10. Be3 Ne7 11. Qc2 f5 12. Rad1 Ng6 13. Ne1 d5 14. f3 Nd6 15.
b3 f4 16. Bf2 c6 17. e4 dxc4 18. bxc4 b5 19. cxb5 cxb5 20. Nd3 Nc4 21. Nc5 Rb8
22. d5 exd5 23. Rxd5 Qa5 24. a4 Ne3 25. Bxe3 fxe3 26. Qe2 Qb4 27. axb5 Be6 28.
Nxe6 Rxe6 29. Qxe3 a5 30. bxa6 Rxa6 31. Rfd1 h6 32. e5 Ra3 33. Qc5 Qxc5+ 34.
Rxc5 Ra2 35. f4 Kf8 36. f5 Ne7 37. e6 Ng8 38. Rc7 Ne7 39. Rcd7 Ke8 40. Bf3 Nxf5
41. Bh5+ Kf8 42. Rf7+ Kg8 43. Rxf5 Rab2 44. e7 1-0

[Event "4th London Classic Open"]
[Site "London ENG"]
[Date "2012.12.07"]
[Round "7"]
[White "De Coverly,R"]
[Black "Mc Aleenan,C"]
[Result "1-0"]
[WhiteElo "2038"]
[BlackElo "1813"]
[WhiteFideId "405213"]
[BlackFideId "2461617"]
[EventDate "2012.12.01"]

1. e4 e6 2. d4 d5 3. exd5 exd5 4. c4 Bb4+ 5. Nc3 Nf6 6. Bd3 dxc4 7. Bxc4 O-O 8.
Nf3 Bg4 9. O-O Nc6 10. Be3 Rb8 11. a3 Be7 12. Be2 Nd5 13. Qb3 Be6 14. Qc2 f5 15.
Rad1 a6 16. Bc1 Bf6 17. Rfe1 Qd7 18. Bc4 Bf7 19. Ne5 Bxe5 20. dxe5 Nce7 21. Bg5
Qc6 22. Nxd5 Bxd5 23. Bxe7 Bxc4 24. Bxf8 Rxf8 25. b3 Bd5 26. Qxc6 Bxc6 27. e6
Re8 28. f3 g6 29. Kf2 Kf8 30. Re5 Ke7 31. f4 Rc8 32. h3 h6 33. g4 fxg4 34. hxg4
Rf8 35. f5 Kf6 36. e7 Re8 37. Re6+ Kf7 38. Rxg6 Rxe7 39. Rxh6 Re4 40. Rg1 Rf4+
41. Ke2 Kg7 42. Rh3 Bd5 43. b4 Kf6 44. Re3 a5 45. bxa5 Ra4 46. g5+ Kxf5 47. g6
Rxa5 48. g7 Ra8 49. Rf1+ Kg6 50. Rg3+ Kh7 51. Rf8 1-0

[Event "4th London Classic Open"]
[Site "London ENG"]
[Date "2012.12.07"]
[Round "7"]
[White "Strand,O"]
[Black "Iyengar,I"]
[Result "0-1"]
[WhiteElo "1854"]
[BlackElo "2019"]
[WhiteFideId "1507230"]
[BlackFideId "405949"]
[EventDate "2012.12.01"]

1. d4 Nf6 2. Nf3 g6 3. e3 Bg7 4. Bd3 O-O 5. O-O d6 6. c4 Nc6 7. Nc3 e5 8. d5 Ne7
9. Qc2 Nh5 10. e4 f5 11. Bd2 f4 12. Be2 Bf6 13. b4 Ng7 14. Rac1 g5 15. Kh1 g4
16. Ng1 Ng6 17. Qd1 h5 18. f3 g3 19. h3 a5 20. a3 axb4 21. axb4 c6 22. c5 Be7
23. Bc4 Kh7 24. Na4 Bd7 25. Nb6 Rb8 26. Bd3 Be8 27. Qb3 Bf7 28. Ra1 dxc5 29.
bxc5 Bxc5 30. Rab1 Bxb6 31. Qxb6 Qxb6 32. Rxb6 Rfd8 33. Bb4 Ne8 34. Rb1 cxd5 35.
exd5 Rxd5 36. Be4 Rd7 37. Bxg6+ Bxg6 38. Re6 Bxb1 0-1

[Event "4th London Classic Open"]
[Site "London ENG"]
[Date "2012.12.07"]
[Round "7"]
[White "Moan,Francis E"]
[Black "Obiamiwe,P"]
[Result "1-0"]
[WhiteElo "1853"]
[BlackElo "1997"]
[WhiteFideId "424420"]
[BlackFideId "8500215"]
[EventDate "2012.12.01"]

1. d4 Nf6 2. c4 g6 3. Nc3 Bg7 4. e4 O-O 5. Be2 d6 6. f4 c5 7. d5 e6 8. Nf3 exd5
9. cxd5 Re8 10. Nd2 b6 11. O-O Ba6 12. Re1 Bxe2 13. Qxe2 a6 14. a4 Nbd7 15. Qf3
Qc7 16. Nc4 Rab8 17. Bd2 b5 18. axb5 axb5 19. Na5 b4 20. Nd1 Ra8 21. Nb3 Rxa1
22. Nxa1 Qa7 23. Nf2 Nxd5 24. e5 N7b6 25. Nb3 dxe5 26. Ra1 Qb8 27. Ne4 Nc4 28.
f5 Nxd2 29. Nbxd2 Qc7 30. Nc4 Bf8 31. Rf1 f6 32. fxg6 hxg6 33. Nxf6+ Nxf6 34.
Qxf6 Qg7 35. Qc6 Re7 36. Qxc5 Rf7 37. Qd5 Be7 38. Nxe5 Bf6 39. Qxf7+ Qxf7 40.
Nxf7 Kxf7 41. b3 Ke6 42. Rxf6+ Kxf6 43. Kf2 Ke5 44. Ke3 Kd5 45. h4 Ke5 46. g4
Kd5 47. h5 1-0

[Event "4th London Classic Open"]
[Site "London ENG"]
[Date "2012.12.07"]
[Round "7"]
[White "Hortillosa,A"]
[Black "Burnham,Frank D"]
[Result "1-0"]
[WhiteElo "1963"]
[BlackElo "1792"]
[WhiteFideId "2038749"]
[BlackFideId "419516"]
[EventDate "2012.12.01"]

1. d4 b5 2. e4 Bb7 3. Nd2 a6 4. Ngf3 e6 5. Bd3 Nf6 6. O-O g6 7. c3 Bg7 8. a4 c6
9. e5 Nd5 10. Ne4 O-O 11. Nd6 Qc7 12. Nd2 f5 13. Nb3 c5 14. Nxc5 Bc6 15. a5 Ra7
16. Bd2 Ba8 17. b4 Qc6 18. f3 Qc7 19. Bxb5 axb5 20. Nxb5 Qd8 21. Nxa7 Nc7 22.
Qb3 Qe7 23. Rfe1 Kh8 24. b5 Bxe5 25. Rxe5 d6 26. Rxe6 Nxe6 27. Qxe6 Qxa7 28.
Qxd6 Qf7 29. Re1 Be4 30. Bh6 Re8 31. fxe4 Kg8 32. e5 f4 33. e6 Qf6 34. Re4 g5
35. Bxg5 Qxg5 36. Rxf4 Qg6 37. h3 h5 38. Qc7 Kh8 39. Qe5+ Kg8 40. Rf5 Qh6 41.
Rxh5 Qc1+ 42. Kh2 Kf8 43. Qf6+ 1-0

[Event "4th London Classic Open"]
[Site "London ENG"]
[Date "2012.12.07"]
[Round "7"]
[White "Bermingham,Tony"]
[Black "Chilton,James I"]
[Result "1-0"]
[WhiteElo "1959"]
[BlackElo "1779"]
[WhiteFideId "2504103"]
[BlackFideId "423009"]
[EventDate "2012.12.01"]

1. e4 c5 2. d3 Nc6 3. g3 Nf6 4. Bg2 d6 5. h3 e5 6. Ne2 Be7 7. Nbc3 O-O 8. O-O
Bd7 9. f4 Qc8 10. f5 Nd4 11. g4 h6 12. Ng3 b5 13. g5 hxg5 14. Bxg5 Qd8 15. Nh5
Bc6 16. Ng3 b4 17. Nce2 Nh7 18. Bd2 Rc8 19. c4 a5 20. Nxd4 cxd4 21. Qg4 Nf6 22.
Qe2 Rb8 23. Bf3 Rb7 24. Kh2 Nh7 25. Rg1 Bh4 26. Nh5 f6 27. Rg4 Bg5 28. Be1 Be8
29. Rg2 Kh8 30. Ng3 Rg8 31. Bh5 Bxh5 32. Nxh5 Ra7 33. Kh1 Qe8 34. Ng3 Nf8 35.
Bf2 Bh6 36. Rag1 g6 37. fxg6 Rxg6 38. Nf5 Rxg2 39. Rxg2 Rh7 40. Qg4 Ne6 41. Nxd6
f5 42. exf5 Qa8 43. fxe6 Rg7 44. Nf7+ Kh7 45. Qf5+ Kg8 46. Nxh6+ Kh8 47. Nf7+
Kg8 48. Qe4 Qf8 49. Rxg7+ Kxg7 50. Qxe5+ Kg6 51. Qg5+ Kh7 52. Qh5+ Kg7 53. Bxd4+
Kg8 54. Qh8# 1-0

[Event "4th London Classic Open"]
[Site "London ENG"]
[Date "2012.12.07"]
[Round "7"]
[White "Phillips,William"]
[Black "Watson,Darrell A"]
[Result "0-1"]
[WhiteElo "1950"]
[BlackElo "1758"]
[WhiteFideId "414344"]
[BlackFideId "420476"]
[EventDate "2012.12.01"]

1. d4 Nf6 2. Nf3 g6 3. g3 d6 4. Bg2 c5 5. O-O cxd4 6. Nxd4 Bg7 7. Bd2 O-O 8. Bc3
Nbd7 9. Nb3 Rb8 10. N1d2 b6 11. e4 Bb7 12. Re1 Qc7 13. Bd4 e5 14. Be3 d5 15.
exd5 Nxd5 16. Nf1 Nxe3 17. Nxe3 Bxg2 18. Kxg2 Rbd8 19. Qe2 Qb7+ 20. Kg1 e4 21.
Nc4 f5 22. Rad1 Qc7 23. Nd4 Nc5 24. c3 Nd3 25. Rxd3 exd3 26. Qxd3 Qd7 27. Ne5
Bxe5 28. Rxe5 Rfe8 29. Qe2 Rxe5 30. Qxe5 Re8 31. Qf6 Qe7 32. Qxe7 Rxe7 33. f3 a5
34. Kf2 Kf7 35. h4 Re5 36. f4 Re4 37. Nc6 Ke6 38. Ne5 b5 39. b3 Kd5 40. a3 a4
41. c4+ bxc4 42. bxc4+ Rxc4 43. Nxc4 Kxc4 44. Ke3 Kb3 45. Kd3 Kb2 46. Kd2 Ka2
47. Kc2 Kxa3 48. Kc3 h5 49. Kc2 Kb4 50. Kb2 Kc4 0-1

[Event "4th London Classic Open"]
[Site "London ENG"]
[Date "2012.12.07"]
[Round "7"]
[White "Whatley,Stephen A J"]
[Black "Boger,R"]
[Result "0-1"]
[WhiteElo "1707"]
[BlackElo "1946"]
[WhiteFideId "420441"]
[BlackFideId "1507419"]
[EventDate "2012.12.01"]

1. d4 g6 2. Nf3 Bg7 3. e4 d6 4. Nc3 Nc6 5. Bb5 Bd7 6. Be3 e5 7. dxe5 dxe5 8. O-O
Nge7 9. Nd5 a6 10. Bc4 f6 11. Qd2 h5 12. Rfd1 Nc8 13. b4 Nd6 14. Bd3 O-O 15. Bc5
Kh7 16. c4 Bg4 17. b5 Bxf3 18. gxf3 Nd4 19. Bxd4 exd4 20. bxa6 bxa6 21. c5 Nf7
22. Qe2 Ng5 23. Nf4 Qd7 24. Kh1 Rae8 25. Rg1 Bh6 26. Nxg6 Kxg6 27. f4 Qh3 28.
fxg5 fxg5 29. Rg3 Qh4 30. Bc2 Re5 31. Qxa6+ Rf6 32. Qe2 Qf4 33. Rg2 Bf8 34. a4
Bxc5 35. a5 Qf3 36. Bd1 Qxe2 37. Bxe2 Rf8 38. a6 Kf6 39. Bxh5 d3 40. Rg3 Rd8 41.
Rf3+ Ke7 42. a7 Ra8 43. Rxd3 Rxa7 44. Rxa7 Bxa7 45. f3 Bc5 46. Bg4 Bd6 47. Kg2
c5 48. Rc3 Kf6 49. Rd3 Bc7 50. Rd7 Re7 51. Rd5 Re5 52. Rd1 c4 53. Rd7 Rc5 54.
Rd2 c3 55. Rc2 Ke5 56. Kf2 Kd4 57. Ke2 Bxh2 58. Bh5 Bf4 59. Bg6 Rc6 60. Bf5 Rh6
61. Kd1 Be5 62. Ke2 Kc4 63. Bc8 Kb3 64. Rc1 c2 65. Bd7 Kb2 66. Rxc2+ Kxc2 0-1

[Event "4th London Classic Open"]
[Site "London ENG"]
[Date "2012.12.07"]
[Round "7"]
[White "O'Molloy,Eamonn"]
[Black "Sigurdsson,Birkir Karl"]
[Result "1/2-1/2"]
[WhiteElo "1926"]
[BlackElo "1725"]
[WhiteFideId "2505843"]
[BlackFideId "2304180"]
[EventDate "2012.12.01"]

1. e4 e6 2. Nf3 d5 3. Nc3 c5 4. exd5 exd5 5. Bb5+ Nc6 6. O-O Be7 7. d4 Nf6 8.
dxc5 Bxc5 9. Bg5 Be6 10. Bxf6 gxf6 11. Nd4 Qd7 12. Nxe6 fxe6 13. Re1 O-O-O 14.
Na4 Be7 15. Bxc6 Qxc6 16. Qd4 Kb8 17. Nc3 1/2-1/2

[Event "4th London Classic Open"]
[Site "London ENG"]
[Date "2012.12.07"]
[Round "7"]
[White "Hajenius,W"]
[Black "Sonnis,Steve"]
[Result "1-0"]
[WhiteElo "1922"]
[BlackElo "1660"]
[WhiteFideId "201138"]
[BlackFideId "423041"]
[EventDate "2012.12.01"]

1. d4 Nf6 2. c4 c5 3. d5 e5 4. Nc3 d6 5. e4 Be7 6. g3 O-O 7. Bg2 Ne8 8. f4 Nd7
9. Nf3 g6 10. O-O a6 11. a4 Ng7 12. Ra3 f6 13. Bd2 Re8 14. Qc1 Bf8 15. Ne2 exf4
16. Nxf4 Ne5 17. Nxe5 fxe5 18. Nh3 b6 19. Raf3 Ra7 20. Ng5 Bg4 21. Nf7 Qc8 22.
Nh6+ Kh8 23. Nxg4 1-0

[Event "4th London Classic Open"]
[Site "London ENG"]
[Date "2012.12.07"]
[Round "7"]
[White "Jakobsen,Alf Gjoran"]
[Black "Shierlaw,Hamish"]
[Result "1-0"]
[WhiteElo "1901"]
[BlackElo "1582"]
[WhiteFideId "1508008"]
[BlackFideId "4301765"]
[EventDate "2012.12.01"]

1. d4 Nf6 2. c4 e6 3. Nc3 d5 4. cxd5 exd5 5. Nf3 Be7 6. Bf4 a6 7. e3 O-O 8. Be2
Nbd7 9. Rc1 Nb6 10. O-O Bf5 11. Qb3 Rb8 12. Bxc7 Qxc7 13. Nxd5 Qd6 14. Nxb6 Be6
15. Bc4 Bxc4 16. Nxc4 Qd7 17. Nce5 Qd5 18. Qxd5 Nxd5 19. Nd7 1-0

[Event "4th London Classic Open"]
[Site "London ENG"]
[Date "2012.12.07"]
[Round "7"]
[White "Haddock,Paul"]
[Black "Shah,Dipak K"]
[Result "0-1"]
[WhiteElo "1665"]
[BlackElo "1914"]
[WhiteFideId "419150"]
[BlackFideId "425842"]
[EventDate "2012.12.01"]

1. e4 c5 2. Nc3 Nc6 3. f4 e6 4. Bb5 Nd4 5. Bc4 a6 6. a4 b6 7. Nf3 Bb7 8. d3 Ne7
9. Nxd4 cxd4 10. Ne2 f5 11. Ng3 g6 12. O-O Qc7 13. Bd2 fxe4 14. dxe4 Qxc4 15. c3
Bg7 16. cxd4 Qxd4+ 17. Kh1 O-O 18. Qe2 Rac8 19. Bc3 Qc4 20. Bxg7 Qxe2 0-1

[Event "4th London Classic Open"]
[Site "London ENG"]
[Date "2012.12.07"]
[Round "7"]
[White "Rallabandi,Praveen Kumar"]
[Black "Miu,M"]
[Result "0-1"]
[WhiteElo "1793"]
[BlackElo "1631"]
[WhiteFideId "426032"]
[BlackFideId "1220691"]
[EventDate "2012.12.01"]

1. e4 e6 2. d4 d5 3. Nd2 c5 4. exd5 exd5 5. Ngf3 Bd6 6. Bb5+ Bd7 7. Bxd7+ Nxd7
8. O-O Ne7 9. Re1 O-O 10. dxc5 Nxc5 11. Nb3 Ne4 12. Ng5 Ng6 13. Nxe4 dxe4 14.
Qd4 Qc7 15. g3 f5 16. Bg5 Ne5 17. Nd2 Ng4 18. h3 Nf6 19. Qc4+ Kh8 20. Qxc7 Bxc7
21. Nf1 Nd7 22. Rad1 Ne5 23. Nd2 Ba5 24. Re2 Bxd2 25. Bxd2 Nf3+ 26. Kg2 Rfd8 27.
g4 fxg4 28. hxg4 Rd7 29. Rxe4 Nxd2 30. Re2 Rad8 31. g5 Kg8 32. g6 hxg6 33. c3
Nc4 34. Rde1 Kf7 35. Re4 Nxb2 36. Rf4+ Kg8 37. Rh1 Rd2 38. Rb4 b6 39. a4 Rf8 40.
a5 Rfxf2+ 41. Kg3 Nd3 42. Rc4 Rg2+ 43. Kh3 Rg5 44. Rc8+ Kh7 45. Rf1 Nf2+ 46. Kh2
Ne4+ 0-1

[Event "4th London Classic Open"]
[Site "London ENG"]
[Date "2012.12.07"]
[Round "7"]
[White "Hoekstra,C"]
[Black "Reutimann,H"]
[Result "1-0"]
[WhiteElo "1937"]
[BlackElo "1783"]
[WhiteFideId "1011952"]
[BlackFideId "1313886"]
[EventDate "2012.12.01"]

1. e4 e6 2. d4 d5 3. Nd2 dxe4 4. Nxe4 Nf6 5. Bg5 Nbd7 6. Nf3 Be7 7. Nxf6+ Bxf6
8. Bxf6 Qxf6 9. Bd3 O-O 10. O-O c5 11. c3 cxd4 12. Nxd4 a6 13. Re1 Rd8 14. Qe2
Nf8 15. Rad1 Ng6 16. g3 Bd7 17. Be4 Rab8 18. Rd2 Qg5 19. Bg2 Bb5 20. Qd1 Bc6 21.
Bxc6 bxc6 22. Re3 Rbc8 23. Red3 Qf6 24. Nb3 Rxd3 25. Rxd3 h6 26. Rd7 c5 27. Qd6
Ne5 28. Qxa6 Rd8 29. Rxd8+ Qxd8 30. Qe2 Qd5 31. f4 Nd7 32. Qd2 Qc6 33. c4 Nf6
34. Qd8+ Kh7 35. Qd3+ g6 36. Nd2 h5 37. b3 Kh6 38. h3 Qa8 39. a4 Qb8 40. Nf3 Qb7
41. Ng5 Kg7 42. Qc3 Qd7 43. Ne4 e5 44. Nxf6 Qd1+ 45. Kf2 exf4 46. Ne4+ Kg8 47.
gxf4 Qh1 48. Nf6+ Kf8 49. Nd5 Kg8 50. a5 Qh2+ 51. Ke1 Qg1+ 52. Kd2 Qf2+ 53. Kc1
h4 54. Kb1 Qf1+ 55. Ka2 1-0

[Event "4th London Classic Open"]
[Site "London ENG"]
[Date "2012.12.07"]
[Round "7"]
[White "Lie,T"]
[Black "Clayton,T"]
[Result "0-1"]
[WhiteElo "1595"]
[BlackElo "1830"]
[WhiteFideId "1504916"]
[BlackFideId "416533"]
[EventDate "2012.12.01"]

1. d4 d5 2. Nf3 Nf6 3. c4 e6 4. Nc3 Be7 5. Bg5 O-O 6. e3 Nbd7 7. Qc2 Re8 8. Bd3
Nf8 9. O-O c6 10. a3 dxc4 11. Bxc4 Nd5 12. Bxe7 Qxe7 13. Ne4 Ng6 14. Bd3 e5 15.
Qc5 Bg4 16. Nfd2 exd4 17. Qxd4 Red8 18. Qc4 Be6 19. Qc2 Ne5 20. Be2 Bf5 21. Qc5
Qh4 22. Ng3 Bg6 23. Nf3 Nxf3+ 24. Bxf3 Qf6 25. Qc1 Qe7 26. Rd1 Nf6 27. Qc3 h5
28. Rd4 Rxd4 29. Qxd4 Rd8 30. Qxa7 h4 31. Ne2 Be4 32. Nc3 Bxf3 33. gxf3 h3 34.
Rd1 Rxd1+ 35. Nxd1 Nd5 36. Qd4 Qe6 37. Qg4 Qh6 38. Kf1 Nf6 39. Qg3 Nh7 40. Nc3
Nf8 41. Ne2 Qe6 42. Nc3 Qb3 43. Qxh3 Qxb2 44. Ne4 Qxa3 45. Qf5 Qe7 46. h3 Qe6
47. Qg4 f5 48. Ng5 fxg4 49. Nxe6 Nxe6 50. hxg4 Kf7 51. f4 b5 52. Ke2 c5 53. Kd3
c4+ 54. Kc3 Kf6 55. Kb4 g6 56. f3 Nc7 57. e4 Ke6 58. Kc3 Ne8 59. f5+ gxf5 60.
exf5+ Ke5 61. Kb4 Ng7 62. Kc3 Nxf5 63. g5 Nh4 64. Kb4 Nxf3 65. g6 Kf6 66. g7
Kxg7 67. Kc3 Kf6 68. Kb4 Ke5 69. Kc3 Ke4 70. Kc2 b4 71. Kb2 c3+ 72. Kc2 Ne1+ 73.
Kd1 Kd3 74. Kc1 c2 75. Kb2 Kd2 0-1

[Event "4th London Classic Open"]
[Site "London ENG"]
[Date "2012.12.07"]
[Round "7"]
[White "Campbell,E"]
[Black "Kroezen,R"]
[Result "1-0"]
[WhiteElo "1819"]
[BlackElo "1726"]
[WhiteFideId "2400740"]
[BlackFideId "1016091"]
[EventDate "2012.12.01"]

1. d4 d5 2. c4 e6 3. Nc3 c6 4. Nf3 Nf6 5. Bg5 Be7 6. e3 dxc4 7. Bxc4 Nd5 8. Bxe7
Qxe7 9. O-O O-O 10. e4 Nxc3 11. bxc3 b6 12. d5 Rd8 13. Re1 exd5 14. exd5 Qc5 15.
Qe2 g6 16. d6 Kg7 17. Bxf7 Qxd6 18. Rad1 Qc7 19. Rxd8 Qxd8 20. Bb3 Bf5 21. Qe8
Na6 22. Re7+ Kh6 23. Qf7 Qh8 24. Qc4 Qf6 25. Rf7 Qd8 26. Qf4+ Kh5 27. Rxh7# 1-0

[Event "4th London Classic Open"]
[Site "London ENG"]
[Date "2012.12.07"]
[Round "7"]
[White "Spychala,Josefa"]
[Black "Altman,Joshua"]
[Result "0-1"]
[BlackTitle "CM"]
[WhiteElo "1521"]
[BlackElo "1555"]
[WhiteFideId "1136208"]
[BlackFideId "426210"]
[EventDate "2012.12.01"]

1. d4 Nf6 2. c4 g6 3. Nc3 Bg7 4. e4 d6 5. Nf3 O-O 6. Bd3 Nbd7 7. O-O e5 8. d5 a5
9. a4 Nc5 10. Bc2 h6 11. h3 Nh5 12. Be3 Nf4 13. Qd2 g5 14. Kh2 f5 15. Bxc5 dxc5
16. exf5 Bxf5 17. Bxf5 Rxf5 18. Ne4 Qf8 19. Qe3 b6 20. Ng3 Rf7 21. Qe4 Re8 22.
Rfe1 Nxh3 23. Kxh3 Rf4 24. Qg6 g4+ 25. Kh2 gxf3 26. gxf3 Rxf3 27. Kh3 Qf7 28.
Qxf7+ Rxf7 29. Re2 Ref8 30. Kg2 Rf4 31. Ne4 Rg4+ 32. Kh3 h5 33. Rf1 Rf3+ 34. Kh2
Bh6 35. Rg1 Bf4+ 36. Kh1 Rh3# 0-1

[Event "4th London Classic Open"]
[Site "London ENG"]
[Date "2012.12.08"]
[Round "8.3"]
[White "Van Kampen,R"]
[Black "Sadzikowski,D"]
[Result "1-0"]
[WhiteTitle "GM"]
[BlackTitle "IM"]
[WhiteElo "2570"]
[BlackElo "2449"]
[WhiteFideId "1020854"]
[BlackFideId "1132253"]
[EventDate "2012.12.01"]

1. e4 e6 2. d4 d5 3. Nc3 Nf6 4. Bg5 dxe4 5. Nxe4 Be7 6. Bxf6 gxf6 7. Qd2 f5 8.
Nc3 a6 9. g3 c5 10. d5 b5 11. Bg2 Bb7 12. O-O-O O-O 13. f4 b4 14. Na4 Ra7 15.
dxe6 Qa5 16. Bxb7 Rxb7 17. Qd5 Rc7 18. b3 Rd8 19. exf7+ Kf8 20. Qxf5 Rxd1+ 21.
Kxd1 Qb5 22. Nf3 Qc6 23. Rf1 1-0

[Event "4th London Classic Open"]
[Site "London ENG"]
[Date "2012.12.08"]
[Round "8.6"]
[White "Gunajew,R"]
[Black "Gundavaa,B"]
[Result "1/2-1/2"]
[WhiteTitle "FM"]
[BlackTitle "IM"]
[WhiteElo "2260"]
[BlackElo "2530"]
[WhiteFideId "1116037"]
[BlackFideId "4901045"]
[EventDate "2012.12.01"]

1. e4 c5 2. Nf3 d6 3. d4 cxd4 4. Nxd4 Nf6 5. f3 e5 6. Nb3 a5 7. a4 Be7 8. Bb5+
Nc6 9. c4 O-O 10. Nc3 Qb6 11. Qe2 Nb4 12. Bg5 Be6 13. Rc1 Qd8 14. Be3 Nh5 15.
Nd5 Bxd5 16. cxd5 f5 17. O-O Bg5 18. Bxg5 Qxg5 19. Qd2 Qd8 20. exf5 Kh8 21. Kh1
Nf4 22. Nd4 Qg5 23. Nb3 Qd8 24. Nd4 Qb6 25. Ne6 Rxf5 26. Bd7 Rf7 27. Bb5 Rf6 28.
Nc7 Rg8 29. g3 Ng6 30. Ne6 Ne7 31. Bc4 Nf5 32. Rce1 Ne7 33. b3 Ng6 34. Kg2 h6
35. h4 Nf8 36. f4 Nxe6 37. dxe6 Qc6+ 38. Kh2 d5 39. fxe5 Rxe6 40. Bb5 Qc2 41.
Rf2 Qxd2 42. Rxd2 Rd8 43. Kg2 Nc6 44. Bxc6 bxc6 45. Rc1 Rb8 46. Rd3 Rb6 47. Rc5
Ra6 48. Re3 Kg8 49. Kf3 Kf7 50. Kf4 Ke7 51. h5 Kd7 52. g4 Ra8 53. Kg3 Kc7 54.
Rc2 Rae8 55. Rf2 R8e7 56. Rf5 c5 57. Kf4 d4 58. Rf3 g6 59. hxg6 Rxg6 60. Rf6 Rg5
61. e6 Reg7 62. Rg3 h5 63. Rf7+ Kd6 64. Rxg7 Rxg7 65. g5 Kxe6 66. Rh3 Rd7 67.
Rxh5 d3 68. Rh6+ Kd5 69. Ke3 c4 70. bxc4+ Kxc4 71. Kd2 Rd4 72. Rc6+ 1/2-1/2

[Event "4th London Classic Open"]
[Site "London ENG"]
[Date "2012.12.08"]
[Round "8.7"]
[White "Roberson,P"]
[Black "Hawkins,Jo"]
[Result "1/2-1/2"]
[WhiteTitle "FM"]
[BlackTitle "IM"]
[WhiteElo "2350"]
[BlackElo "2507"]
[WhiteFideId "412384"]
[BlackFideId "412686"]
[EventDate "2012.12.01"]

1. e4 c6 2. d4 d5 3. Nd2 dxe4 4. Nxe4 Nd7 5. Bd3 Ngf6 6. Nxf6+ Nxf6 7. c3 Bg4 8.
Qb3 Qb6 9. Ne2 e6 10. Nf4 Bd6 11. h3 Bf5 12. Bxf5 exf5 13. Qc2 Ne4 14. Nd3 Qc7
15. Bd2 O-O 16. O-O-O Rfe8 17. Kb1 Rad8 18. Bc1 b6 19. g4 c5 20. dxc5 bxc5 21.
f3 Ng3 22. Rhe1 c4 23. Nb4 Rxe1 24. Rxe1 a5 25. Nd5 Qc6 26. Rd1 Bc5 27. Ne3 Rxd1
28. Qxd1 fxg4 29. hxg4 h5 30. gxh5 Bxe3 31. Bxe3 Nxh5 1/2-1/2